| 000 | 00894cam a2200289 a 4500 | ||
|---|---|---|---|
| 001 | 109152 | ||
| 005 | 20230410123609.0 | ||
| 008 | 110630s2011 fr 000 0 fre | ||
| 035 | _a16918294 | ||
| 010 | _a 2011493572 | ||
| 020 | _a9782711010981 | ||
| 035 | _a(FrPJT)JTL00296084 | ||
| 040 |
_aDLC _cDLC _dDLC |
||
| 042 | _apcc | ||
| 043 | _ae-fr--- | ||
| 050 | 1 | 4 |
_aKJV 5500 _bK15d 2011 |
| 100 | 1 | _aKamina, Pascal. | |
| 245 | 1 | 0 |
_aDroit du cinéma / _cPascal Kamina. |
| 260 |
_aParis : _bLitec, _c2011. |
||
| 300 |
_axi, 382 p. ; _c23 cm. |
||
| 490 | 0 |
_aLitec professionnels, _x1956-5534 |
|
| 650 | 0 |
_aMotion pictures _xLaw and legislation _zFrance. |
|
| 650 | 4 |
_aImágenes en movimiento _xLey y la legislación _zFrancia. |
|
| 856 | 4 | 1 |
_3Table of contents only _uhttp://www.loc.gov/catdir/toc/fy12pdf01/2011493572.html |
| 923 |
_d20110803 _nB00116950 _s93001875 |
||
| 942 |
_2lcc _cbk |
||
| 999 |
_c64607 _d64607 |
||